Score 0/300 Timer 20:00
1 Play Today
Hint Answer % Correct
CLICKCut the grass
100%
CLICKSound of a cat
99.9%
CLICKNot many
99.9%
'PLAY'Question word
99.9%
TOVery attractive
99.9%
CLICKTasseled hat
93.9%
ENTERBowler, e.g.
93.4%
CLICKMOW
92.6%
CLICKDispensed candy?
91.7%
CLICKCaress with one's hand
91.3%
'PLAY'Χ~Χ~Χ~Χ~Χ~Χ~Χ~Χ~Χ~Χ~Χ
91.2%
CLICKFEW
90.9%
CLICKMEW
87.7%
TOΧ~Χ~Χ~Χ~Χ~Χ~Χ~Χ~Χ~Χ~Χ
86.7%
CLICKΧ~Χ~Χ~Χ~Χ~Χ~Χ~Χ~Χ~Χ~Χ
86.1%
ENTERΧ~Χ~Χ~Χ~Χ~Χ~Χ~Χ~Χ~Χ~Χ
86%
TOΧ~Χ~Χ~Χ~Χ~Χ~Χ~Χ~Χ~Χ~Χ
85.8%
CLICKPeach center
85.8%
ENTERSolo of 'Star Wars'
85.4%
LADDYRINTHPale
85%
CLICKPorky, e.g.
84.9%
'PLAY'Make a hole
84.6%
'PLAY'Talking animal in 'Up'
84.4%
ENTERΧ~Χ~Χ~Χ~Χ~Χ~Χ~Χ~Χ~Χ~Χ
84.4%
'PLAY'Slang for a toupee
84.3%
LADDYRINTHVictory
84.1%
LADDYRINTHSlang for $5
83.9%
'PLAY'Χ~Χ~Χ~Χ~Χ~Χ~Χ~Χ~Χ~Χ~Χ
83.8%
CLICKPIG
83.7%
LADDYRINTHΧ~Χ~Χ~Χ~Χ~Χ~Χ~Χ~Χ~Χ~Χ
82.9%
LADDYRINTHΧ~Χ~Χ~Χ~Χ~Χ~Χ~Χ~Χ~Χ~Χ
82.9%
ENTERHAN
82.9%
CLICKPIT
82.8%
CLICKFEZ
82.7%
'PLAY'Χ~Χ~Χ~Χ~Χ~Χ~Χ~Χ~Χ~Χ~Χ
82.3%
CLICKPEZ
82.3%
TOCloth remnant
82.2%
ENTERRepair
82%
TO3!
82%
ENTERSend a document
82%
LADDYRINTHΧ~Χ~Χ~Χ~Χ~Χ~Χ~Χ~Χ~Χ~Χ
82%
CLICKPET
81.8%
TOΧ~Χ~Χ~Χ~Χ~Χ~Χ~Χ~Χ~Χ~Χ
81.6%
LADDYRINTHWIN
81.6%
TOΧ~Χ~Χ~Χ~Χ~Χ~Χ~Χ~Χ~Χ~Χ
81.5%
'PLAY'DIG
81.3%
ENTERThe Grinch's dog
80.7%
TOHave a little drink
80.6%
TOGaping mouth
80.5%
'PLAY'Waiter's reward
80.4%
ENTERFIX
79.9%
'PLAY'HOW
79.6%
'PLAY'A shooting marble
79.4%
ENTERFoxx biopic
78.1%
ENTERHAT
77.8%
ENTERFAX
77.7%
'PLAY'Noisemaker part: ●BA●
77.5%
'PLAY'TIP
77.5%
ENTERΧ~Χ~Χ~Χ~Χ~Χ~Χ~Χ~Χ~Χ~Χ
77.5%
'PLAY'Χ~Χ~Χ~Χ~Χ~Χ~Χ~Χ~Χ~Χ~Χ
77.3%
TOHOT
77%
TOΧ~Χ~Χ~Χ~Χ~Χ~Χ~Χ~Χ~Χ~Χ
76.6%
TOΧ~Χ~Χ~Χ~Χ~Χ~Χ~Χ~Χ~Χ~Χ
76.6%
ENTERIntone
76.5%
TOSIP
76.1%
'PLAY'Bar bill
75.2%
LADDYRINTHΧ~Χ~Χ~Χ~Χ~Χ~Χ~Χ~Χ~Χ~Χ
74.6%
ENTERStallone, to his pals
74.5%
LADDYRINTHWAN
74.5%
ENTERΧ~Χ~Χ~Χ~Χ~Χ~Χ~Χ~Χ~Χ~Χ
74%
ENTERMAX
73.8%
LADDYRINTHMAX blocks you. Scare him
73.8%
LADDYRINTHby making some noise.
73.8%
'PLAY'RUG
73.3%
TORAG
72.4%
'PLAY'DUG
72%
ENTERΧ~Χ~Χ~Χ~Χ~Χ~Χ~Χ~Χ~Χ~Χ
71.9%
TOLayer
71.5%
'PLAY'Noisemaker part: ●RIM●
70.8%
'PLAY'TAB
70.8%
LADDYRINTHFIN
70.2%
ENTERSLY
69.2%
TOΧ~Χ~Χ~Χ~Χ~Χ~Χ~Χ~Χ~Χ~Χ
67.7%
ENTERRAY
66.9%
ENTERSAY
66.2%
'PLAY'Χ~Χ~Χ~Χ~Χ~Χ~Χ~Χ~Χ~Χ~Χ
64.5%
TOΧ~Χ~Χ~Χ~Χ~Χ~Χ~Χ~Χ~Χ~Χ
63%
TOMAW
61.9%
TOSIX
61.6%
'PLAY'TAW
57.9%
TONoisemaker part: ●MA●
56%
TOPLY
56%
TOΧ~Χ~Χ~Χ~Χ~Χ~Χ~Χ~Χ~Χ~Χ
54.5%
ENTERΧ~Χ~Χ~Χ~Χ~Χ~Χ~Χ~Χ~Χ~Χ
54.2%
ENTERΧ~Χ~Χ~Χ~Χ~Χ~Χ~Χ~Χ~Χ~Χ
54.1%
'PLAY'Χ~Χ~Χ~Χ~Χ~Χ~Χ~Χ~Χ~Χ~Χ
54%
ENTERΧ~Χ~Χ~Χ~Χ~Χ~Χ~Χ~Χ~Χ~Χ
54%
LADDYRINTHΧ~Χ~Χ~Χ~Χ~Χ~Χ~Χ~Χ~Χ~Χ
53.8%
'PLAY'Χ~Χ~Χ~Χ~Χ~Χ~Χ~Χ~Χ~Χ~Χ
53.7%
LADDYRINTHΧ~Χ~Χ~Χ~Χ~Χ~Χ~Χ~Χ~Χ~Χ
53.6%
Hint Answer % Correct
TOΧ~Χ~Χ~Χ~Χ~Χ~Χ~Χ~Χ~Χ~Χ
53.5%
'PLAY'Χ~Χ~Χ~Χ~Χ~Χ~Χ~Χ~Χ~Χ~Χ
53.5%
ENTERΧ~Χ~Χ~Χ~Χ~Χ~Χ~Χ~Χ~Χ~Χ
53.5%
ENTERΧ~Χ~Χ~Χ~Χ~Χ~Χ~Χ~Χ~Χ~Χ
53.5%
ENTERΧ~Χ~Χ~Χ~Χ~Χ~Χ~Χ~Χ~Χ~Χ
53.4%
TOΧ~Χ~Χ~Χ~Χ~Χ~Χ~Χ~Χ~Χ~Χ
53.4%
LADDYRINTHΧ~Χ~Χ~Χ~Χ~Χ~Χ~Χ~Χ~Χ~Χ
53.4%
TOΧ~Χ~Χ~Χ~Χ~Χ~Χ~Χ~Χ~Χ~Χ
53.4%
'PLAY'Χ~Χ~Χ~Χ~Χ~Χ~Χ~Χ~Χ~Χ~Χ
53.3%
ENTERΧ~Χ~Χ~Χ~Χ~Χ~Χ~Χ~Χ~Χ~Χ
53.3%
'PLAY'Χ~Χ~Χ~Χ~Χ~Χ~Χ~Χ~Χ~Χ~Χ
49.9%
'PLAY'Χ~Χ~Χ~Χ~Χ~Χ~Χ~Χ~Χ~Χ~Χ
49.8%
'PLAY'Χ~Χ~Χ~Χ~Χ~Χ~Χ~Χ~Χ~Χ~Χ
49.7%
'PLAY'Χ~Χ~Χ~Χ~Χ~Χ~Χ~Χ~Χ~Χ~Χ
49.6%
'PLAY'Χ~Χ~Χ~Χ~Χ~Χ~Χ~Χ~Χ~Χ~Χ
49.6%
TOΧ~Χ~Χ~Χ~Χ~Χ~Χ~Χ~Χ~Χ~Χ
49.5%
ENTERΧ~Χ~Χ~Χ~Χ~Χ~Χ~Χ~Χ~Χ~Χ
49%
ENTERΧ~Χ~Χ~Χ~Χ~Χ~Χ~Χ~Χ~Χ~Χ
49%
ENTERΧ~Χ~Χ~Χ~Χ~Χ~Χ~Χ~Χ~Χ~Χ
49%
'PLAY'Χ~Χ~Χ~Χ~Χ~Χ~Χ~Χ~Χ~Χ~Χ
48.4%
TOΧ~Χ~Χ~Χ~Χ~Χ~Χ~Χ~Χ~Χ~Χ
48.3%
TOΧ~Χ~Χ~Χ~Χ~Χ~Χ~Χ~Χ~Χ~Χ
48.3%
TOΧ~Χ~Χ~Χ~Χ~Χ~Χ~Χ~Χ~Χ~Χ
48.1%
LADDYRINTHΧ~Χ~Χ~Χ~Χ~Χ~Χ~Χ~Χ~Χ~Χ
47.8%
TOΧ~Χ~Χ~Χ~Χ~Χ~Χ~Χ~Χ~Χ~Χ
47.7%
CLICKΧ~Χ~Χ~Χ~Χ~Χ~Χ~Χ~Χ~Χ~Χ
47.7%
ENTERΧ~Χ~Χ~Χ~Χ~Χ~Χ~Χ~Χ~Χ~Χ
47.2%
ENTERΧ~Χ~Χ~Χ~Χ~Χ~Χ~Χ~Χ~Χ~Χ
47.2%
'PLAY'Χ~Χ~Χ~Χ~Χ~Χ~Χ~Χ~Χ~Χ~Χ
46.6%
TOΧ~Χ~Χ~Χ~Χ~Χ~Χ~Χ~Χ~Χ~Χ
46.6%
'PLAY'Rancor
45.6%
TOPour to the brim
45.5%
ENTERA movie
45.4%
'PLAY'African river
45.4%
LADDYRINTHA group of lawyers
45.3%
LADDYRINTHPlace with a barn and silo
45.3%
'PLAY'Baseball team size
45.2%
LADDYRINTHTepid
45.2%
LADDYRINTHDistort out of shape
45.1%
TOΧ~Χ~Χ~Χ~Χ~Χ~Χ~Χ~Χ~Χ~Χ
45.1%
LADDYRINTHStinging insect
45%
'PLAY'Ship of Columbus
45%
TOJaw of a bird
44.9%
TOFILL
44.9%
LADDYRINTHFARM
44.8%
'PLAY'NINE
44.8%
'PLAY'NILE
44.7%
ENTERFILM
44.7%
LADDYRINTHRodents
44.7%
LADDYRINTHWASP
44.7%
LADDYRINTHWeapon Part: ●PAL●
44.7%
ENTERΧ~Χ~Χ~Χ~Χ~Χ~Χ~Χ~Χ~Χ~Χ
44.6%
LADDYRINTHArroz, in English
44.5%
TOBILL
44.4%
LADDYRINTHLeaf piler
44.4%
ENTERRate of movement
44.4%
'PLAY'Select
44.4%
TOA group of wolves
44.4%
LADDYRINTHCook a pie
44.4%
ENTERBundle of hay
44.3%
LADDYRINTHKentucky Derby, e.g.
44.3%
'PLAY'Taste with the tongue
44.3%
'PLAY'NIÑA
44.3%
CLICKAn undead creature
44.3%
'PLAY'Weapon Part: ●M●
44.3%
TOA large formal dance
44.3%
LADDYRINTHFIRM
44.3%
LADDYRINTHWARM
44.2%
CLICKNessie's home
44.2%
CLICKRidicule
44.2%
LADDYRINTHBAKE
44.2%
TOBALL
44.2%
CLICKDoor fastener
44.1%
TOPACK
44.1%
LADDYRINTHRACE
44.1%
CLICKLOCK
44%
ENTERBALE
44%
LADDYRINTHMICE
43.9%
LADDYRINTHWARP
43.9%
'PLAY'PICK
43.8%
LADDYRINTHPatriot Nathan
43.7%
'PLAY'LICK
43.7%
LADDYRINTHRAKE
43.7%
LADDYRINTHMALE
43.6%
LADDYRINTHXY gender
43.5%
LADDYRINTHNutmeg derived spice
43.5%
CLICKLOCH
43.5%
LADDYRINTHRICE
43.2%
CLICKWeapon Part: ●NA●
43%
CLICKMOCK
43%
ENTERPACE
42.7%
LADDYRINTHMACE
42.5%
'PLAY'BILE
41.6%
CLICKA household task
41.1%
CLICKA set of played notes
41%
CLICKLeafy green vegetable
41%
CLICKOpted
41%
CLICKA nautical map
41%
CLICKCHORE
40.9%
CLICKA contraction
40.8%
Hint Answer % Correct
CLICKIntonation from a monk
40.7%
CLICKAlan Ladd Western
40.7%
CLICKNearby
40.7%
CLICKActor Owen of 'Sin City'
40.7%
CLICKA section of garlic
40.7%
CLICKCLOVE
40.7%
CLICKCHOSE
40.7%
CLICKCLOSE
40.5%
CLICKGive off light
40.4%
CLICKCHART
40.2%
CLICKCHORD
40.1%
CLICKAn archaic possessive
40%
'PLAY'A set of vertebrae
40%
CLICKMacbeth was one
40%
TOA spout to tap a tree
40%
TOAccidentally drop liquid
40%
CLICKCHANT
40%
'PLAY'Express gratitude to
39.9%
CLICKSHINE
39.8%
CLICKLICH
39.7%
CLICKThe LICH blocks you.
39.7%
CLICKFind a weapon to defeat it.
39.7%
CLICKCHARD
39.7%
TOUnmoving
39.7%
TOA portion of the leg
39.6%
ENTERReeked
39.5%
LADDYRINTHHALE
39.5%
LADDYRINTHGet up from a chair
39.5%
'PLAY'Teensy
39.5%
'PLAY'THANK
39.4%
'PLAY'A place for a horse
39.3%
'PLAY'Use your nose
39.3%
LADDYRINTHSerious and grave
39.2%
LADDYRINTHLeap or jump (Scottish)
39.2%
TOSPILL
39.2%
'PLAY'An oily, bony fish
39.1%
LADDYRINTHAn off-color spot
39.1%
LADDYRINTHUse money at a store
39.1%
'PLAY'SMELL
39%
ENTERSandra and Keanu flick
38.9%
ENTERA male suitor
38.9%
LADDYRINTHA beer mug
38.9%
'PLAY'SPINE
38.8%
TOSTILL
38.8%
LADDYRINTHSTAND
38.7%
'PLAY'At a large incline
38.7%
TOA ridable horse
38.7%
'PLAY'SMALL
38.7%
'PLAY'STALL
38.6%
CLICKGo to bed
38.4%
CLICKSHANE
38.4%
ENTERSTANK
38.3%
CLICKSHAN'T
38.2%
CLICKGift Part: ●TINE●
38.1%
CLICKSLEEP
38.1%
ENTERSPEED
38%
CLICKCLIVE
37.9%
ENTERTom Sawyer creator
37.8%
LADDYRINTHDutch painter Jan
37.8%
TOSHANK
37.8%
LADDYRINTHBad boy actor Charlie
37.7%
'PLAY'STEEP
37.6%
ENTERA choo-choo
37.5%
CLICKTHINE
37.5%
TOSTEED
37.4%
ENTERPinky's partner in crime
37.3%
LADDYRINTHSPEND
37.3%
ENTERTRAIN
37.1%
LADDYRINTHGift Part: ●CLE●
36.9%
LADDYRINTHSHEEN
36.9%
CLICKTHANE
36.9%
LADDYRINTHSTEIN
36.8%
LADDYRINTHSTAIN
36.6%
ENTERTWAIN
36.4%
ENTERBRAIN blocks you. Find a
36.3%
ENTERsweet gift to bribe him.
36.3%
ENTERBRAIN
36.3%
TOSPILE
35.6%
'PLAY'Gift Part: ●MEN●
35.5%
'PLAY'SMELT
35.5%
LADDYRINTHSTEND
35.2%
LADDYRINTHSTAID
35.1%
TOArtist M.C.
34.9%
TOAny one of two
34.9%
TOOld Testament book
34.9%
LADDYRINTHSTEEN
34.7%
ENTERSWAIN
34.4%
ENTERMore supple
34.2%
ENTERIdris Elba series
33.7%
ENTERSupervillan Lex
33.6%
TOEITHER
33.3%
TOUse 1 part of each object
32.7%
TOin the order they came to
32.7%
TOchain up Lex & save the day!
32.7%
ENTERLUTHOR
32.7%
TOESTHER
32.4%
ENTERLUTHER
32.2%
TOESCHER
31.2%
ENTERLITHER
30.8%
TOYOU SAVED THE DAY!!!
22.4%

You're not logged in!

Compare scores with friends on all Sporcle quizzes.
OR
Log In

Sporcle TV

Today on Sporcle TV


Watch our educational content, quiz creation guides, and fun videos on Sporcle TV.

Show Comments

Extras

Top Quizzes Today


Score Distribution

Your Account Isn't Verified!

In order to create a playlist on Sporcle, you need to verify the email address you used during registration. Go to your Sporcle Settings to finish the process.

Report this User

Report this user for behavior that violates our Community Guidelines.

Details: